Tous les jeux vidéos & logiciels Pokémon sortis - Statistiques

Statistiques générales
  • Ce quiz a été pris 38 fois
  • Le résultat moyen est 29 sur 105
Statistiques - réponses
Support Jeux % Correct
Game Boy Pokémon Rouge et Bleu
97%
Gambe Boy Color Pokémon Or et Argent
94%
Game Boy Pokémon Jaune
88%
Nintendo 3DS Pokémon X et Y
88%
Nintendo DS Pokémon Noir et Blanc
84%
Nintendo DS Pokémon Diamant et Perle
81%
Switch Pokémon Écarlate et Violet
81%
Game Boy Advance Pokémon Rubis et Saphir
81%
Nintendo DS Pokémon Noir 2 et Blanc 2
78%
Nintendo DS Pokémon Platine
78%
Game Boy Advance Pokémon Émeraude
75%
iOS / Android Pokémon GO
75%
Switch Pokémon Épée et Bouclier
72%
Game Boy Advance Pokémon Rouge feu et Vert feuille
69%
Nintendo 3DS Pokémon Rubis Oméga et Saphir Alpha
69%
Nintendo 3DS Pokémon Soleil et Lune
69%
Game Boy Color Pokémon Cristal
66%
Switch Pokémon Let's Go Pikachu et Let's Go Évoli
59%
Nintendo 64 Pokémon Stadium
59%
Nintendo 3DS Pokémon Ultra-Soleil et Ultra-Lune
59%
Switch Pokémon Diamant Étincelant et Perle Scintillante
56%
GameCube Pokémon Colosseum
53%
Nintendo DS Pokémon Ranger
53%
Nintendo 64 Pokémon Snap
50%
Wii Poképark Wii : La Grande Aventure de Pikachu
47%
Nintendo DS Pokémon Or Heartgold et Argent Soulsilver
44%
SwitchiOS / Android Pokémon HOME
41%
GameCube Pokémon XD : Le Souffle des Ténèbres
41%
Wii Poképark 2 : Le Monde des vœux
41%
Switch Légendes Pokémon : Arceus
38%
Wii Pokémon Rumble
34%
iOS / Android Pokémon Sleep
34%
SwitchiOS / Android Pokémon Café ReMix
31%
Game Boy Color Pokémon Pinball
31%
Game Boy Advance Pokémon Pinball : Rubis et Saphir
31%
Wii U Pokkén Tournament
31%
Nintendo 3DS Détective Pikachu
28%
Switch (2) Légendes Pokémon : Z-A
28%
Switch New Pokémon Snap
28%
Nintendo DS Pokémon Dash
28%
SwitchiOS / Android Pokémon Quest
28%
Nintendo 64 Pokémon Stadium 2
28%
Game Boy Color Pokémon Trading Card Game
28%
SwitchiOS / Android Pokémon UNITE
25%
Nintendo 3DS Banque Pokémon
22%
iOS / Android Magicarpe Jump
22%
GameCube Pokémon Channel
22%
Nintendo 3DS Pokémon Méga Donjon Mystère
22%
Nintendo 3DS Pokémon Shuffle
22%
Nintendo 3DS Pokémon Art Academy
19%
Wii Pokémon Battle Revolution
19%
Switch Pokémon Donjon Mystère : Équipe de Secours DX
19%
Nintendo DS Pokémon Donjon Mystère : Explorateurs du Ciel
19%
iOS / Android Pokémon Masters EX
19%
Nintendo 3DS Pokémon Picross
19%
iOS / Android Pokémon TCG Pocket
19%
Game Boy Advance Nintendo DS Pokémon Donjon Mystère : Équipe de secours Rouge et Bleue
16%
Nintendo DS Pokémon Donjon Mystère : Explorateurs de l'Ombre et du Temps
16%
Nintendo 3DS Pokémon Donjon Mystère : Les Portes de l'Infini
16%
NIntendo DS Pokémon Ranger : Nuit sur Almia
16%
Nintendo 3DS Pokémon Rumble World
16%
Nintendo 3DS Super Pokémon Rumble
16%
Switch Le retour de Détective Pikachu
13%
Nintendo DS Pokémon Conquest
13%
Nintendo DS Apprends avec Pokémon : À la Conquête du Clavier
9%
Windows / MaciOS / Android JCC Pokémon Live
9%
Wii My Pokémon Ranch
9%
GameCube Pokémon Box Rubis & Saphir
9%
Nintendo DS Pokémon Link!
9%
Nintendo DS Pokémon Ranger : SIllages de Lumière
9%
Wii U Pokémon Rumble U
9%
Switch Pokkén Tournament DX
9%
iOS / Android Camp Pokémon
6%
Nintendo 64 Hey you, Pikachu!
6%
Nintendo 3DS Pokédex 3D
6%
Nintendo 3DS Pokédex 3D Pro
6%
Game Boy Color Pokémon Card GB2 : Here Comes Team GR!
6%
Nintendo 64 Pokémon Puzzle League
6%
iOS / Android Pokémon Rumble Rush
6%
iOS / Android Pokémon Smile
6%
Windows / MaciOS / Android JCC Pokémon Online
3%
Pokémon Mini Pichu Bros. Party Mini
3%
Pokémon Mini Pokémon Breeder Mini
3%
Wii Pokémon Donjon Mystère : Les aventures du Feu, de la Lumière et de la Tempête
3%
Nintendo 3DS Pokémon Link : Battle
3%
Pokémon Mini Pokémon Party Mini
3%
Pokémon Mini Pokémon Pinball Mini
3%
Game Boy Color Pokémon Puzzle Challenge
3%
Pokémon Mini Pokémon Puzzle Collection
3%
Pokémon Mini Pokémon Puzzle Collection 2
3%
Pokémon Mini Pokémon Race Mini
3%
Pokémon Mini Pokémon Tetris Mini
3%
Pokémon Mini Pokémon Zany Cards
3%
Nintendo 3DS RAdar Pokémon
3%
Nintendo 3DS La Bande de voleurs et 1000 Pokémon
0%
iOS / Andriud Pavillon Pokémon
0%
Borne d'Arcade Pokémon Battrio
0%
Nintendo DS Pokémon Card Game : How to play DS
0%
iOS / Android Pokémon Duel
0%
Borne d'Arcade Pokémon Ga-Olé
0%
PC Pokémon Play It!
0%
PC Pokémon Play It! Version 2
0%
Nintendo 64 Pokémon Stadium 0
0%
Borne d'Arcade Pokémon Tretta
0%
Pokémon Mini Togepi's Great Adventure
0%
Aucun quiz correspondant
Distribution des résultats
% des personnes avec chaque résultat
Percentile par nombre de réponses
Votre historique - résultats
Vous n’avez pas pris ce quiz